Bài tập giải tích toán học

Bao gồm lí thuyết và bài tập về tập hợp số, không gian mêtric, không gian Banach, chuỗi trong không gian Banach, phép tính vi phân trong không gian Banach

Guardat en:
Dades bibliogràfiques
Autor principal: Lê, Mậu Hải
Format: Llibre
Idioma:Undetermined
Publicat: Hà Nội Đại học Sư phạm 2007
Matèries:
Etiquetes: Afegir etiqueta
Sense etiquetes, Sigues el primer a etiquetar aquest registre!
Thư viện lưu trữ: Trung tâm Học liệu Trường Đại học Cần Thơ
LEADER 00837nam a2200205Ia 4500
001 CTU_140765
008 210402s9999 xx 000 0 und d
020 |c 21000 
082 |a 515.076 
082 |b H103 
100 |a Lê, Mậu Hải 
245 0 |a Bài tập giải tích toán học 
245 0 |c Lê Mậu Hải, Nguyễn Quang Diệu, Phạm Hoàng Hiệp 
260 |a Hà Nội 
260 |b Đại học Sư phạm 
260 |c 2007 
520 |a Bao gồm lí thuyết và bài tập về tập hợp số, không gian mêtric, không gian Banach, chuỗi trong không gian Banach, phép tính vi phân trong không gian Banach 
650 |a Mathematical analysis,Toán phân tích 
904 |i Hạ Nguyên 
980 |a Trung tâm Học liệu Trường Đại học Cần Thơ